| 000 | 00591cam a22001453u 4500 | ||
|---|---|---|---|
| 082 |
_a967.96 _bPOP |
||
| 100 | 1 | _aLivingstone, David, | |
| 245 | 1 | 0 |
_aPopular account of Dr. Livingstone's expedition to the Zambesi and its tributaries _band of the discovery of Lakes Shirwa and Nyassa, 1858-1864 : abridged from the larger work / _cLivingstone, David. |
| 260 |
_a[S.l.] : _b[s.n.], _c1875. |
||
| 500 | _aTitle from content provider. | ||
| 526 |
_a0 _b0 _c0 _d967_960000000000000_POP |
||
| 650 |
_aMCE _9379 |
||
| 856 | 4 | 0 | _uhttp://www.columbia.edu/cgi-bin/cul/resolve?clio9545303 |
| 942 |
_2ddc _cBK |
||
| 999 |
_c552889 _d552889 |
||